Detalles MARC
| 000 -LIDER |
| fixed length control field |
01581nam a2200373 a 4500 |
| 001 - NÚMERO DE CONTROL |
| Identificador de número de control |
00260 |
| 003 - IDENTIFICACDOR DE NÚMERO DE CONTROL |
| control field |
DO-SdBNP |
| 005 - DATE AND TIME OF LATEST TRANSACTION |
| control field |
20180312100531.0 |
| 007 - CAMPOS FIJOS DE DESCRIPCIÓN FÍSICA |
| fixed length control field |
00260 |
| 008 - ELEMENTOS DE LONGITUD FIJA |
| fixed length control field |
100802s2004 dr 2004 000 0 spa d |
| 020 ## - ISBN |
| International Standard Book Number |
9788482615295 (v. 1) |
| 040 ## - FUENTE DE CATALOGACIÓN |
| Agencia que crea de manera original el registro |
BPMSU |
| Idioma de catalogación |
spa |
| Agencia que realiza la transcripción |
BPMSU |
| 082 04 - NÚMERO DE CLASIFICACIÓN DECIMAL DE DEWEY |
| Classification number |
372.6561 |
| Item number |
I37e 1ro. 2004 |
| 100 1# - ASIENTO PRINCIPAL -- NOMBRE PERSONAL |
| Nombre personal |
Inchástegui, María Isabel |
| 245 10 - MENCIÓN DE TITULO |
| Título |
Español 1: |
| Subtítulo |
educación básica / |
| Mención de responsabilidad |
María Isabel Incháustegui ; dirección editorial Obdulia García de Escobar ; editor Manuel García Cartagena. |
| 260 ## - PUBLICACIÓN, DISTRIBUCIÓN, ETC. (PIE DE IMPRENTA) |
| Lugar de publicación, distribución, etc |
Santo Domingo : |
| Nombre del editor, distribuidor, etc. |
Santillana, |
| Fecha de publicación, distribución, etc |
2004. |
| 300 ## - DESCRIPCIÓN FÍSICA |
| Extensión |
224 p. : |
| Otros detalles físicos |
il., retrs. ; |
| Dimensiones |
28 cm. |
| 490 1# - MENCIÓN DE SERIES |
| Mención de serie |
Ámbar |
| 500 ## - NOTA GENERAL |
| Nota general |
La biblioteca posee solo la guía didáctica |
| 505 ## - NOTA DE CONTENIDO |
| Título |
El bosque de los cuentos -- |
| -- |
Manicito -- |
| -- |
Los tres osos -- |
| -- |
El león y el ratón -- |
| -- |
El gato con botas -- |
| -- |
El gigante egoísta -- |
| -- |
Nuestro mundo -- |
| -- |
La pintora Li-Chen -- |
| -- |
El agua de la vida -- |
| -- |
El castillo misterioso -- |
| -- |
La torre del rey -- |
| -- |
El dragón volador -- |
| -- |
El campesino y los chivos. |
| 650 #4 - ENCABEZAMIENTO DE MATERIA--TEMÁTICO |
| Término temático o nombre geográfico como elemento de entrada |
ESPAÑOL |
| Subdivisión temática general |
ENSEÑANZA BÁSICA |
| 650 #4 - ENCABEZAMIENTO DE MATERIA--TEMÁTICO |
| Término temático o nombre geográfico como elemento de entrada |
ESPAÑOL |
| Subdivisión temática general |
EDUCACIÓN PRIMARIA |
| 650 #4 - ENCABEZAMIENTO DE MATERIA--TEMÁTICO |
| Término temático o nombre geográfico como elemento de entrada |
EDUCACIÓN PRIMARIA |
| Subdivisión geográfica |
REPÚBLICA DOMINICANA |
| 650 #4 - ENCABEZAMIENTO DE MATERIA--TEMÁTICO |
| Término temático o nombre geográfico como elemento de entrada |
ESPAÑOL |
| Subdivisión temática general |
LIBROS DE TEXTOS |
| 650 #4 - ENCABEZAMIENTO DE MATERIA--TEMÁTICO |
| Término temático o nombre geográfico como elemento de entrada |
ESPAÑOL |
| Subdivisión temática general |
ESTUDIOS Y EJERCICIOS |
| 650 #4 - ENCABEZAMIENTO DE MATERIA--TEMÁTICO |
| Término temático o nombre geográfico como elemento de entrada |
EDUCACIÓN PRIMARIA |
| Subdivisión geográfica |
REPÚBLICA DOMINICANA |
| 700 1# - ASIENTO SECUNDARIO -- NOMBRE PERSONAL |
| Nombre personal |
García de Escobar, Obdulia, |
| Mención de responsabilidad |
ed. |
| 700 1# - ASIENTO SECUNDARIO -- NOMBRE PERSONAL |
| Nombre personal |
García-Cartagena, Manuel, |
| Mención de responsabilidad |
ed. |
| 830 #0 - ASIENTO SECUNDARIO DE SERIE--TÍTULO UNIFORME |
| Título uniforme |
Ámbar |
| 910 ## - VALIDACIÓN |
| Validación |
Validado. Control de calidad MFF |
| 942 ## - ADDED ENTRY ELEMENTS (KOHA) |
| Source of classification or shelving scheme |
Dewey Decimal Classification |
| Koha item type |
Libros |
| 945 ## - INFORMACIÓN DE PROCESAMIENTO LOCAL |
| Información de procesamiento local |
Remanejado para la BNPHU / 2018 VM |
| 956 ## - LOCAL ELECTRONIC LOCATION AND ACCESS (OCLC) |
| Nombre de host |
BTavarez |